Precis writing Part I (Record no. 125519)

MARC details
000 -LEADER
fixed length control field 00455nam a2200205Ia 4500
003 - CONTROL NUMBER IDENTIFIER
control field OSt
005 - DATE AND TIME OF LATEST TRANSACTION
control field 20260218094856.0
008 - FIXED-LENGTH DATA ELEMENTS--GENERAL INFORMATION
fixed length control field 210210b xxu||||| |||| 00| 0 eng d
040 ## - CATALOGING SOURCE
Transcribing agency AL
041 ## - LANGUAGE CODE
Language code of text/sound track or separate title eng
082 ## - DEWEY DECIMAL CLASSIFICATION NUMBER
Classification number 385/17
100 ## - MAIN ENTRY--PERSONAL NAME
Personal name Govil K L
9 (RLIN) 255503
245 ## - TITLE STATEMENT
Title Precis writing Part I
260 ## - PUBLICATION, DISTRIBUTION, ETC.
Place of publication, distribution, etc. Cawnpore
Name of publisher, distributor, etc. -
300 ## - PHYSICAL DESCRIPTION
Extent iv,233p
650 ## - SUBJECT ADDED ENTRY--TOPICAL TERM
Topical term or geographic name entry element writing
9 (RLIN) 255504
690 ## - LOCAL SUBJECT ADDED ENTRY--TOPICAL TERM (OCLC, RLIN)
Topical term or geographic name as entry element English Grammar
9 (RLIN) 255505
906 ## - LOCAL DATA ELEMENT F, LDF (RLIN)
a 005489
942 ## - ADDED ENTRY ELEMENTS (KOHA)
Source of classification or shelving scheme Dewey Decimal Classification
Koha item type Book
Holdings
Withdrawn status Lost status Source of classification or shelving scheme Damaged status Not for loan Collection code Home library Current library Date acquired Cost, normal purchase price Total Checkouts Full call number Barcode Date last seen Price effective from Koha item type
    Dewey Decimal Classification   Rare Book English St Aloysius Library St Aloysius Library 02/17/2021 0.00   385/17 005489 02/17/2021 02/17/2021 Book